000 00747nam a22001817a 4500
999 _c58825
_d58825
003 Ge_BSU
005 20221005152521.0
008 221005s1999 ge ||||| |||| 00| 0 geo d
041 _ageo
080 _a070:654 ი-31
100 _aიბერი, ელდარ
_915065
245 _aრადიოჟურნალისტიკა :
_b ისტორია, თეორია, პრაქტიკა /
_cელდარ იბერი; [რედ.: ნ. ლეონიძე].
250 _aმე-2 გამოც.
264 _aთბ. :
_bსაქართველოს მაცნე,
_c1999.
300 _a310 გვ. ;
_b20 სმ.
653 _aრადიოჟურნალისტიკა.
942 _2udc
_cBK